|
|
|
|
| LEADER |
01111nam a2200277 a 4500 |
| 001 |
GR-Patra2181 |
| 008 |
991022s nyu 000 b eng d |
| 020 |
|
|
|a 0070088454
|
| 040 |
|
|
|a GrPaTEI
|b gre
|c GR-PaULI
|
| 245 |
0 |
0 |
|a LATEX for scientists and engineers.
|
| 260 |
|
|
|a New York :
|b McGraw-Hill,
|c c1990
|
| 300 |
|
|
|a xvi, 198σ.
|
| 500 |
|
|
|a Bibliography: p.191-192
|
| 650 |
|
0 |
|a Computers
|
| 650 |
|
0 |
|a LATEX
|
| 650 |
|
4 |
|a ΕΠΕΞΕΡΓΑΣΤΕΣ ΚΕΙΜΕΝΟΥ
|
| 650 |
|
4 |
|a Ηλεκτρονικοί υπολογιστές
|
| 650 |
|
4 |
|a Ηλεκτρονικοί υπολογιστές
|x Προγράμματα (LATEX)
|
| 650 |
|
4 |
|a ΗΛΕΚΤΡΟΝΙΚΟΙ ΥΠΟΛΟΓΙΣΤΕΣ-ΕΠΕΞΕΡΓΑΣΤΕΣ ΚΕΙΜΕΝΟΥ
|
| 650 |
|
4 |
|a ΠΡΟΓΡΑΜΜΑΤΑ
|
| 700 |
1 |
|
|a Buerger, David J.
|
| 710 |
0 |
|
|a McGraw-Hill
|
| 942 |
|
|
|2 ddc
|
| 952 |
|
|
|0 1
|1 0
|2 ddc
|4 0
|6 652_553690000000000_LAT
|7 0
|9 283994
|a LISK
|b LISK
|c BSC
|d 2021-01-17
|e 24
|f 0
|g 0.00
|l 0
|o 652.55369 LAT
|p 9241006051
|r 2021-01-17 00:00:00
|t 1
|w 2021-01-17
|y BK15
|x 19991024 0 1
|x GrPaTEI
|
| 971 |
|
|
|a .b26496811
|b 15-04-20
|c 23-09-16
|
| 999 |
|
|
|c 165223
|d 165223
|